Kompetencie verzus kompetentnosť
Manažérske predpoklady - spôsobilosti, ktorými by mali manažéri disponovať. Ich klasifikácia je rozmanitá, a preto ich teoretici manažmentu zoskupili a vymedzujú ich ako manažérske kompetencie.
Salvato in:
| Autore principale: | |
|---|---|
| Natura: | Capitolo di libro |
| Lingua: | slovacco |
| Soggetti: | |
| Tags: |
Nessun Tag, puoi essere il primo ad aggiungerne!!
|
MARC
| LEADER | 00000nla a2200000 4500 | ||
|---|---|---|---|
| 001 | 0167751 | ||
| 005 | 20240502072925.9 | ||
| 041 | 0 | |a slo | |
| 044 | |a SK | ||
| 245 | 1 | 0 | |a Kompetencie verzus kompetentnosť |c Eliška Záležáková |
| 520 | |a Manažérske predpoklady - spôsobilosti, ktorými by mali manažéri disponovať. Ich klasifikácia je rozmanitá, a preto ich teoretici manažmentu zoskupili a vymedzujú ich ako manažérske kompetencie. | ||
| 610 | 2 | 0 | |a manažment |
| 610 | 2 | 0 | |a manažéri |
| 610 | 2 | 0 | |a riadenie |
| 610 | 2 | 0 | |a vedenie ľudí |
| 610 | 2 | 0 | |a vedenie podniku |
| 610 | 2 | 0 | |a spôsobilosť k práci |
| 610 | 2 | 0 | |a kompetencie |
| 100 | 1 | |a Záležáková, Eliška | |